Alle Strassen in Weinfelden mit Karte - Statistiken

Allgemein
  • Dieses Quiz wurde 116 mal gespielt
    10 seit der letzten Aktualisierung
  • Das Durchschnittsergebnis liegt bei 48 aus 195
Antworten auf der Karte
Die Antworten werden auf der Karte rot bzw. grün angezeigt, abhängig davon wie oft sie richtig erraten wurden.
 
Antwortstatistiken
Strasse % Korrekt
Burgstrasse
78%
Burgweg
78%
Haustrasse
78%
Bahnweg
67%
Frauenfelderstrasse
67%
Bahnhofstrasse
56%
Amriswilerstrasse
44%
Dorfstrasse
44%
Friedhofstrasse
44%
Schulstrasse
44%
Weinfelderstrasse
44%
Wiesenstrasse
44%
Wilerstrasse
44%
Florastrasse
33%
Gartenstrasse
33%
Lagerstrasse
33%
Marktstrasse
33%
Meisenstrasse
33%
Rosenstrasse
33%
Vogelsangstrasse
33%
Aeulistrasse
22%
Alfred-Huggenberger-Strasse
22%
Allenbergweg
22%
Alpsteinstrasse
22%
Amselweg
22%
Aspistrasse
22%
Austrasse
22%
Bachtobelstrasse
22%
Badstubenweg
22%
Bankstrasse
22%
Bannaustrasse
22%
Bergerstrasse
22%
Bettelbrünneliweg
22%
Bienenstrasse
22%
Bleichestrasse
22%
Bodenfeldstrasse
22%
Boltshauserstrasse
22%
Brauereistrasse
22%
Breitenstrasse
22%
Bründlerbergstrasse
22%
Brunnenwiesenstrasse
22%
Bürglenstrasse
22%
Burgwiesenstrasse
22%
Bussnangerweg
22%
Dahlienweg
22%
Dammstrasse
22%
Deucherstrasse
22%
Drosselweg
22%
Dufourstrasse
22%
Dunantstrasse
22%
Egelseestrasse
22%
Eierlenstrasse
22%
Einfangstrasse
22%
Elblingweg
22%
Els-Model-Strasse
22%
Enggässliweg
22%
Fabrikstrasse
22%
Falkenstrasse
22%
Fallenwiesenstrasse
22%
Feldhofstrasse
22%
Felsenstrasse
22%
Feststrasse
22%
Fichtenstrasse
22%
Fohlenweidweg
22%
Franziskus-Weg
22%
Freiestrasse
22%
Freudigerweg
22%
Gäbrisstrasse
22%
Gartewegli
22%
Gässliweg
22%
Gaswerkstrasse
22%
Giessenweg
22%
Gontershofenstrasse
22%
Guisanstrasse
22%
Hagholzstrasse
22%
Hardstrasse
22%
Härigstrasse
22%
Heimstrasse
22%
Hermannstrasse
22%
Himmenreichstrasse
22%
Hofackerstrasse
22%
Hohlweg
22%
Holderenweg
22%
Hubgasse
22%
Ifangweg
22%
Im Mötteli
22%
Im Roos
22%
Im Thurland
22%
Industriestrasse
22%
Johanna-Meyerhans-Strasse
22%
Kamorstrasse
22%
Kappelerweg
22%
Kirchgasse
22%
Kleestrasse
22%
Kleiberstrasse
22%
Konstanzerstrasse
22%
Kreuzlingerstrasse
22%
Krollenwiesstrasse
22%
Langwiesenstrasse
22%
Lauligstrasse
22%
Lerchenstrasse
22%
Letzitobelstrasse
22%
Letziweg
22%
Leuestrasse
22%
Leueweg
22%
Lilienweg
22%
Lindenstrasse
22%
Magdenaustrasse
22%
Maienrainstrasse
22%
Malvenstrasse
22%
Mohnstrasse
22%
Muggenwinkelstrasse
22%
Mühlebachstrasse
22%
Mühlfangstrasse
22%
Nelkenstrasse
22%
Neugutstrasse
22%
Neuhausweg
22%
Nollenstrasse
22%
Nordstrasse
22%
Oberdorfstrasse
22%
Obere Bühlstrasse
22%
Obere Hardstrasse
22%
Obere Weinbergstrasse
22%
Oberfeldstrasse
22%
Oststrasse
22%
Ottenberg
22%
Ottenbergstrasse
22%
Paul-Reinhart-Strasse
22%
Pelikanstrasse
22%
Pestalozzistrasse
22%
Peter-Stamm-Weg
22%
Rainweg
22%
Rathausstrasse
22%
Rathofstrasse
22%
Rebenstrasse
22%
Rieslingweg
22%
Ringstrasse
22%
Rohrwiesenstrasse
22%
Rüteliholzstrasse
22%
Salbeistrasse
22%
Sangenstrasse
22%
Säntisstrasse
22%
Schachenstrasse
22%
Schäflerstrasse
22%
Scherbenhofweg
22%
Schlechtenmühlestrasse
22%
Schlipfenbergstrasse
22%
Schlossgasse
22%
Schlosshaldenstrasse
22%
Schmidstrasse
22%
Schnellerstrasse
22%
Schützenstrasse
22%
Schwalbenweg
22%
Schwärzeweg
22%
Sefistrasse
22%
Silvanerstrasse
22%
Sonnenbergweg
22%
Sonnenbühlstrasse
22%
Sonnenhaldenstrasse
22%
Sonnenhofstrasse
22%
Sonnenstrasse
22%
Steinachstrasse
22%
Stelzenhofstrasse
22%
Straussbergstrasse
22%
Südstrasse
22%
Tälligstrasse
22%
Tannenwiesenstrasse
22%
Tellstrasse
22%
Thomas-Bornhauser-Strasse
22%
Thurbergstrasse
22%
Thurfeldstrasse
22%
Thurvorland
22%
Thurwiesenstrasse
22%
Untere Bühlstrasse
22%
Untere Weinbergstrasse
22%
Unterthurenstrasse
22%
Wachtelweg
22%
Waidliweg
22%
Walkestrasse
22%
Weerstein
22%
Wehrstrasse
22%
Weiherweg
22%
Weststrasse
22%
Wiesentalweg
22%
Wingertstrasse
22%
Winkelgässli
22%
Wuhräckerstrasse
22%
Zelglistrasse
22%
Zeltweg
22%
Ziegelhofweg
22%
Zweigstrasse
22%
Im Sonnenwinkel
11%
Rabenweg
11%
Storchenstrasse
11%
Wartweg
11%
Keine übereinstimmenden Quizze gefunden
Verteilung der Resultate
Anzahl Personen mit jedem Resultat
Perzentil nach korrekt beantworteten Fragen
Ihre Resultats-Entwicklung
Sie haben dieses Quiz seit der letzten Aktualisierung nicht gespielt